000 00369nam a22001457a 4500
005 20250918152237.0
008 250918b |||||||| |||| 00| 0 eng d
041 _aEng.
100 _aPawar, K. R. & Desai A. E.
_9213221
245 _aPublic Health and Hygiene ( T ) ( S.Y.B.Sc. )
250 _a1st ed.
260 _aPune
_bNirali
300 _a6.20
942 _cBK
999 _c367858
_d367858